Statystyki dla Piłka nożna - quiz dla prawdziwych kibiców 2

Kliknij tutaj aby rozwiązać quiz!

Ogólne statystyki

  • Ten quiz został rozwiązany 649 razy
  • Średni wynik to 9 z 15

Statystyki odpowiedzi

PytanieOdpowiedzPodpowiedz% Poprawnych
W jakim mieście Polska reprezentacja zagrała najwięcej meczy?Warszawa---
94%
Jak nazywa się najdroższy zawodnik z Afryki? (Wartość Rynkowa)Mohamed SalahPochodzi z Egiptu. 150mln
92%
Kto wygrał Premier League w sezonie 2015/16?Leicester CityGra aktualnie w EFL Championship (06.01.2024)
90%
W którym roku Grecja wygrała Euro?2004Euro odbyło się w Portugalii.
83%
Kto został królem strzelców na Euro 2016?Antoine GriezmannGrał/Gra dla: Barcelona,
Real Sociedad,
Atlético Madryt
81%
Gdzie odbyło się pierwsze Euro?Francja1960r., Europa Zachodnia
78%
Jaką drugą narodowość ma zawodnik
Gabriel Martinelli?
Włochy/WłochEuropa Południowa
73%
W jakim polskim klubie grał Paulinho?ŁKS ŁódźWojewództwo Łódzkie
67%
W jakim kraju gra klub
Orlando Pirates?
RPA/Republika Południowej AfrykiAfryka Południowa
59%
Jaki klub jest najdrożej wyceniany na świecie?Manchester United~5,95 miliarda dolarów
54%
W jakim klubie Frank Lampard zaczynał swoją TRENERSKĄ karierę?Derby CountyW tym klubie Wayne Rooney był grającym trenerem.
53%
Jak nazywa się jedyny Bułgar grający w Barcelonie?Hristo StoichkovGrał również w: AC Parma, CSKA Sofia czy D.C. United
52%
Jakiego trenera Pep Guardiola zastąpił obejmując Manchester City?Manuel PellegriniObecny trener Real Betis, pochodzi z Chile
29%
Z jakim klubem Real Madryt grał w pierwszym finale Pucharu Mistrzów? (Liga Mistrzów)Stade de ReimsFrancja, gra tam aktualnie:
Junya Ito, Yehvann Diouf, Mohamed Daramy (06.01.2024)
24%
W jakim kraju kończył karierę Samuel Eto'o?KatarPaństwo nazywa się tak samo jak klub.
15%

Rozkład punktacji

Percentyl według liczby udzielonych odpowiedzi

Procent ludzi z każdym wynikiem

Twoja historia wyników

Nie rozwiązałeś tego quizu